00000000nam##2200000za#4500
0019.697232
003CaOODSP
00520210624235404
007cr |||||||||||
008150407|2001||||xxc|||||o    f|0| 0 eng|d
040 |aCaOODSP|beng
043 |an-cn---
0861 |aFs23-589/2001E-PDF
1101 |aCanada. |bDepartment of Fisheries and Oceans.
24510|aMarine user requirements for geospatial data - summary 2001 / |h[electronic resource]|c[by] Geospatial Projects Integration Office.
260 |aOttawa - Ontario : |bFisheries and Oceans Canada |c2001.
300 |a26p.|bfigs., graphs
590 |a13-03-Supp|b2013-02-11
69007|aGeographic information systems|2gcpds
77508|tLes besoins en données géospatiales dans les applications marines - résumé 2001 / |w(CaOODSP)9.641294
85640|ahttp://publications.gc.ca|qPDF|s528 KB|uhttps://publications.gc.ca/collections/collection_2013/mpo-dfo/Fs23-589-2001-eng.pdf